000 02467cam a2200481 i 4500
999 _c570
_d570
001 18442461
003 GZU
005 20200907150230.0
008 150108r20152004nyua 000 0 eng
010 _a 2014046631
020 _a9780374178796 (hardback)
020 _a9780374710323 (ebook)
040 _aDLC
_beng
_cDLC
_erda
_dDLC
041 1 _aeng
_hpol
042 _apcc
043 _ae-pl---
050 0 0 _aDS 134.66
_bBIK 2004
082 0 0 _a940.53/1844
_223
084 _aHIS043000
_aHIS010010
_aHIS022000
_2bisacsh
100 1 _aBikont, Anna,
_eauthor.
240 1 0 _aMy z Jedwabnego.
_lEnglish
245 1 4 _aThe crime and the silence :
_bconfronting the massacre of Jews in wartime Jedwabne /
_cAnna Bikont ; translated from the Polish by Alissa Valles.
250 _aFirst American edition.
264 1 _aNew York :
_bFarrar, Straus and Giroux,
_c2015.
300 _avii, 544 pages :
_billustrations ;
_c24 cm
336 _atext
_btxt
_2rdacontent
337 _aunmediated
_bn
_2rdamedia
338 _avolume
_bnc
_2rdacarrier
500 _a"Originally published in Polish in 2004 by Wydawnictwo Czarne, Poland, as My z Jedwabnego"--Title page verso.
520 2 _a"The devastating story of Jedwabne, which was the basis of Jan Gross's controversial Neighbors (2001). Based on the author's encounters with witnesses, survivors, murderers, and their helpers between 2000 and 2004, The Crime and the Silence raises important questions about the responsibility of Poles for the Holocaust"--
_cProvided by publisher.
600 1 0 _aBikont, Anna
_vDiaries.
650 0 _aHolocaust, Jewish (1939-1945)
_zPoland
_zJedwabne.
650 0 _aJews
_zPoland
_zJedwabne
_xHistory
_y20th century.
650 0 _aCollective memory
_zPoland
_zJedwabne.
650 7 _aHISTORY / Holocaust.
_2bisacsh
650 7 _aHISTORY / Europe / Eastern.
_2bisacsh
650 7 _aHISTORY / Jewish.
_2bisacsh
651 0 _aJedwabne (Poland)
_xEthnic relations
_xHistory
_y20th century.
651 0 _aJedwabne (Poland)
_vBiography.
906 _a7
_bcbc
_corignew
_d1
_eecip
_f20
_gy-gencatlg
942 _2lcc
_cBK
_h134.66
_iBIK
_kDS